Directive 2010/31/EU of the European Parliament and of the Council of 19 May 2010 on the energy performance of buildings (Record no. 120870)
[ view plain ]
| 000 -LEADER | |
|---|---|
| fixed length control field | 00856cad a22002055a 4500 |
| 001 - CONTROL NUMBER | |
| control field | L150430 |
| 008 - FIXED-LENGTH DATA ELEMENTS--GENERAL INFORMATION | |
| fixed length control field | 100713e2010 xxk 000 0 eng d |
| 035 ## - SYSTEM CONTROL NUMBER | |
| System control number | (Sirsi) u150430 |
| 041 0# - LANGUAGE CODE | |
| Language code of text/sound track or separate title | eng |
| 050 ## - LIBRARY OF CONGRESS CALL NUMBER | |
| Classification number | 333.72 $1 8 |
| 110 2# - MAIN ENTRY--CORPORATE NAME | |
| Corporate name or jurisdiction name as entry element | Official Journal of the European Union |
| 245 00 - TITLE STATEMENT | |
| Title | Directive 2010/31/EU of the European Parliament and of the Council of 19 May 2010 on the energy performance of buildings |
| Remainder of title | recast |
| Medium | [electronic resource] |
| 260 ## - PUBLICATION, DISTRIBUTION, ETC. | |
| Place of publication, distribution, etc. | EU |
| Name of publisher, distributor, etc. | OJ |
| Date of publication, distribution, etc. | 2010 |
| 520 ## - SUMMARY, ETC. | |
| Summary, etc. | The actual recast directive from May 2010. |
| 590 ## - LOCAL NOTE (RLIN) | |
| Local note | KA |
| 651 #4 - SUBJECT ADDED ENTRY--GEOGRAPHIC NAME | |
| Geographic name | Europe |
| 690 ## - LOCAL SUBJECT ADDED ENTRY--TOPICAL TERM (OCLC, RLIN) | |
| Topical term or geographic name as entry element | ENVIRONMENTAL AND LAND CONSULTANCY-ENERGY-ENERGY USE-ENERGY EFFICIENCY |
| 856 48 - ELECTRONIC LOCATION AND ACCESS | |
| Uniform Resource Identifier | <a href="https://www.eceee.org/buildings/EPBD_Recast/EPBD_recast_19May2010.pdf">https://www.eceee.org/buildings/EPBD_Recast/EPBD_recast_19May2010.pdf</a> |
| Public note | View the website free of charge at http://eur-lex.europa.eu/JOHtml.do?uri=OJ:L:2010:153:SOM:EN:HTML |
| 942 ## - ADDED ENTRY ELEMENTS (KOHA) | |
| Suppress in OPAC | 0 |
| Withdrawn status | Lost status | Source of classification or shelving scheme | Damaged status | Not for loan | Home library | Current library | Shelving location | Date acquired | Total Checkouts | Full call number | Barcode | Date last seen | Copy number | Price effective from | Koha item type |
|---|---|---|---|---|---|---|---|---|---|---|---|---|---|---|---|
| Dewey Decimal Classification | Virtual | Virtual | Online | 13/07/2010 | ONLINE PUBLICATION | 150430-2001 | 06/08/2019 | 1 | 06/08/2019 | Book |